Statistiques concernant adverbes français

Cliquez ici pour prendre le quiz!

Statistiques générales

  • Ce quiz a été pris 34 fois
  • Le résultat moyen est 27 sur 48

Statistiques - réponses

HintRéponse% Correct
goodbien
90%
littlepeu
90%
aloneseul
90%
a lotbeaucoup
87%
outsidedehors
87%
hereici
87%
there
87%
moreplus
84%
todayaujourd'hui
81%
togetherensemble
81%
lessmoins
81%
this morningce matin
77%
tomorrowdemain
77%
betttermieux
77%
maybepeut-être
77%
alwaystoujours
77%
badmal
71%
probablyprobablement
71%
enoughassez
65%
yesterdayhier
65%
worsepire
61%
rarelyrarement
61%
tonightce soir
58%
everywherepartout
58%
oftensouvent
58%
all the timetout le temps
58%
alreadydéjà
55%
soonbientôt
52%
sometimesparfois
52%
laterplus tard
52%
quickvite
52%
latetard
48%
too/sotrop
48%
immediatelyimmédiatement
45%
somewherequelque part
45%
recentlyrécemment
45%
earlytôt
42%
nowherenulle part
39%
from time to timede temps en temps
35%
luckilyheureusement
35%
sometimesquelque fois
29%
elsewhereailleurs
26%
finallyenfin
26%
this afternoonce après-midi
13%
very muchénormément
13%
là-basover there
13%
usuallyhabituellement
6%
surelysans doute
3%

Distribution des résultats

Percentile par nombre de réponses

% des personnes avec chaque résultat

Votre développement - résultats

Vous n’avez pas pris ce quiz